000 02047nam0a2200361 4500
001 RU\NLR\BIBL_A\011616612
005 20260405144207.0
010 _a9785889837633
_9100
021 _aRU
_b2017-102900
_97425
035 _a(RuMoRGB)009507491
035 _a(NLR Aleph) 011616612
090 _a10962770
_c10962770
100 _a20180201d2017 u y0rusy50 ca
101 0 _arus
_aper
102 _aRU
105 _aa|||j|||000z
200 1 _aТеоретическая грамматика современного персидского языка
_eморфология
_eучебник
_eдля студентов II-III курса переводческого факультета
_fЮ.А. Рубинчик, С.Э. Талыбова
_gМинистерство образования и науки Российской Федерации, Институт востоковедения Российской Академии наук, Федеральное государственное бюджетное образовательное учреждение высшего образования "Московский государственный лингвистический университет"
210 _aМосква
_cФГБОУ ВО МГЛУ
_d2017
215 _a306 с.
_cтабл.
_d21
300 _aНа обл. авт. не указаны
320 _aБиблиогр.: с. 298-302 и в подстроч. примеч.
606 1 _aПерсидский язык
_xМорфология
_92360853
_3RU\NLR\AUTH\6601632171
686 _aШ152.311-932.210.31
_2rubbk
686 1 _aШ152.131.11-21я7
700 1 _aРубинчик
_bЮ.А.
_f1923-2012
_gЮрий Аронович
701 1 _7ca
_8rus
_aТалыбова
_bС. Э. кызы
_gСевиль Энвер кызы
_942764
_3RU\NLR\AUTH\7759833
852 _aNLR
_bОЛСАА-перс
_j3-1485
942 _cBOOK
980 _aNBR